000 00837nam a2200265 i 4500
001 53966
003 ES-MaACL
005 20230906162850.0
007 t|
008 031119s2002 sp ||||0| spa d
020 _a84-7738-958-6
040 _aM-BN
_bspa
_cM-BN
080 _a165.242.1
100 1 _aBlumenberg, Hans.
_929590
245 1 3 _aLa posibilidad de comprenderse
_b: obra póstuma /
_cHans Blumenberg ; prólogo a la edición española, Daniel Innerarity ; [traducción, César González].
260 _aMadrid :
_bSíntesis,
_c[2002]
300 _a171 p ;
_c24 cm.
490 1 _aPerspectivas ;
_v2
650 1 4 _aAutoconocimiento.
_910426
700 1 _aGonzález, César.
_958301
830 0 _aPerspectivas ;
_v2
_9183529
852 _aES-MaACL
_jL-26730
_bR.131741
999 _c53966
_d53966